000 01075cas a22002653 4500
001 10862718
003 BDDh-ASL
005 20231015031357.0
008 900512u ii u 0 0eng
010 _asv 90026719
040 _aBDDh-ASL
_cBDDh-ASL
041 _aeng
050 0 0 _aAS472
_b.C2195
082 _a950.1
_bASI
245 0 0 _aJournal of the Asiatic Society, Vol.- XII, 1970, Nos. 1-4 /
_cEdited by The Honorary Secretaries.
246 2 3 _aJournal & proceedings of the Asiatic Society of Bengal.
260 _aCalcutta :
_bThe Asiatic Society, 1 Park Street,
_bBaptist Mission Press,
_c1970.
300 _bill. ;
_c25 cm.
310 _aUnknown
590 _aCall no chg'd fr. AS472 .C226 12/11/69. Its Journal and proceedings entry cancelled.
590 _aHoldings in 3x5 and visible file (sv 87-23539).
650 0 _aYear Book, Annual Report, Bulletin, Souvenir, Presidential and General Secretary's Address, Journal & proceedings of the Asiatic Society of Bengal.
_98212
906 _a0
_bbbc
_cserlocs
_du
_encip
_f19
_gilsserca
942 _2ddc
_cREF
999 _c32329
_d32329